000 00855cam a2200265 a 4500
005 20260322212036.0
008 data
010 _a 00105682
020 _a0764560980
020 _a9780764560989
040 _aDLC
_cDLC
_dDLC
050 0 0 _aQA43
_b.H415 2000
082 0 0 _a510/.76
_221
092 _a510.76 H415 2000
100 1 _aHerzog, David Alan.
245 1 0 _aGED math workbook /
_cDavid Alan Herzog & David Alan Herzog.
250 _a5th ed.
260 _aLawrenceville, NJ :
_aLawrenceville, NJ :
_bArco/Thomson Learning,
_cc2000.
300 _avi, 329 p. :
_bill. ;
_c28 cm.
500 _aRev. ed. of: GED mathematics workbook. 4th ed. c1998.
650 0 _aMathematics
_vExaminations, questions, etc.
650 0 _aGeneral educational development tests
_vStudy guides.
700 1 _aHerzog, David Alan.
_tGED mathematics workbook.
001 data
999 _c836
_d836